Kifosztva vették meg mára vállalkozásokkal népesült be a volt textilművek
Elmentve itt :
| Dokumentumtípus: | Cikk |
|---|---|
| Megjelent: |
2005-04-19
|
| Sorozat: | Délmagyarország
95 No. 90 |
| Kulcsszavak: | Szeged, Könnyűipar textilipar Szeged, Ipari Park Szeged-Kálvária sugárút, Szegedi Textilművek |
| Online Access: | http://dmarchiv.bibl.u-szeged.hu/134548 |
| LEADER | 00540nab a2200145 i 4500 | ||
|---|---|---|---|
| 001 | delm134548 | ||
| 005 | 20191206153729.0 | ||
| 008 | 191206s2005 hu o 0|| hun d | ||
| 040 | |a SZTE Délmagyarország Archívum |b hun | ||
| 041 | |a hun | ||
| 245 | 0 | 0 | |a Kifosztva vették meg |h [elektronikus dokumentum] : |b mára vállalkozásokkal népesült be a volt textilművek |
| 260 | |c 2005-04-19 | ||
| 300 | |a 4 | ||
| 490 | 0 | |a Délmagyarország |v 95 No. 90 | |
| 695 | |a Szeged, Könnyűipar textilipar Szeged, Ipari Park Szeged-Kálvária sugárút, Szegedi Textilművek | ||